<?xml version="1.0" encoding="UTF-8"?>
<record
    xmlns:xsi="http://www.w3.org/2001/XMLSchema-instance"
    xsi:schemaLocation="http://www.loc.gov/MARC21/slim http://www.loc.gov/standards/marcxml/schema/MARC21slim.xsd"
    xmlns="http://www.loc.gov/MARC21/slim">

  <leader>01688nam a22002897a 4500</leader>
  <controlfield tag="003">DO-SdBNP</controlfield>
  <controlfield tag="005">20221003120017.0</controlfield>
  <controlfield tag="007">ta</controlfield>
  <controlfield tag="008">210806e2021dr     ||||er|||| 001 edspa d</controlfield>
  <datafield tag="020" ind1=" " ind2=" ">
    <subfield code="a">9789945618341</subfield>
  </datafield>
  <datafield tag="040" ind1=" " ind2=" ">
    <subfield code="a">DO-SdBNP</subfield>
    <subfield code="b">spa</subfield>
    <subfield code="c">BNPHU</subfield>
  </datafield>
  <datafield tag="082" ind1=" " ind2="4">
    <subfield code="a">972.94</subfield>
    <subfield code="b">S479h</subfield>
    <subfield code="2">22</subfield>
  </datafield>
  <datafield tag="100" ind1="1" ind2=" ">
    <subfield code="a">Sep&#xFA;lveda Solano, Santiago,</subfield>
    <subfield code="d">1953-</subfield>
    <subfield code="9">79422</subfield>
  </datafield>
  <datafield tag="245" ind1="1" ind2="0">
    <subfield code="a">Hait&#xED; : </subfield>
    <subfield code="b">trauma de un proceso de colonizaci&#xF3;n fracasado /</subfield>
    <subfield code="c">Santiago Sep&#xFA;lveda Solano.</subfield>
  </datafield>
  <datafield tag="260" ind1=" " ind2=" ">
    <subfield code="a">Santo Domingo : </subfield>
    <subfield code="b">Amigo del Hogar,</subfield>
    <subfield code="c">2021.</subfield>
  </datafield>
  <datafield tag="300" ind1=" " ind2=" ">
    <subfield code="a">401 p. ;  </subfield>
    <subfield code="c">23 cm. </subfield>
  </datafield>
  <datafield tag="500" ind1=" " ind2=" ">
    <subfield code="a">Incluye datos biogr&#xE1;ficos del autor en la solapa de la cubierta</subfield>
  </datafield>
  <datafield tag="504" ind1=" " ind2=" ">
    <subfield code="a">Bibliograf&#xED;a :  p. 393-397</subfield>
  </datafield>
  <datafield tag="505" ind1="0" ind2=" ">
    <subfield code="a">En forma de pr&#xF3;logo --</subfield>
    <subfield code="t">Palabras introductorias --</subfield>
    <subfield code="t">Introducci&#xF3;n --</subfield>
    <subfield code="t">Un panorama preocupante --</subfield>
    <subfield code="t">La g&#xE9;nesis de una trajedia --</subfield>
    <subfield code="t">Anidando las identidades --</subfield>
    <subfield code="t">Atizando la caldera del odio --</subfield>
    <subfield code="t">Negros libertos norteamericanos, en la isla de Santo Domingo --</subfield>
    <subfield code="t">Los herederos de la luz y del odio en Santo Domingo --</subfield>
    <subfield code="t">Hait&#xED;; de las crisis a los aislamientos --</subfield>
    <subfield code="t">Ocupaci&#xF3;n norteamericana e inicio del proyecto migratoria --</subfield>
    <subfield code="t">Una creaci&#xF3;n justa, digna y valedera --</subfield>
    <subfield code="t">El batey : de la convivencia social al espacio legal --</subfield>
    <subfield code="t">Hacia el control municipal y comunitario  de los migrantes --</subfield>
    <subfield code="t">Ataque frontal al problemahaitiano --</subfield>
    <subfield code="t">La frontera con Hait&#xED;, el kil&#xF3;metro cero.</subfield>
  </datafield>
  <datafield tag="590" ind1=" " ind2=" ">
    <subfield code="a">Inventariado, 2021 /LP

</subfield>
  </datafield>
  <datafield tag="651" ind1=" " ind2="4">
    <subfield code="a">Hait&#xED;</subfield>
    <subfield code="x">Historia</subfield>
    <subfield code="9">8418</subfield>
  </datafield>
  <datafield tag="651" ind1=" " ind2="4">
    <subfield code="a">Hait&#xED;</subfield>
    <subfield code="x">Emigraci&#xF3;n e inmigraci&#xF3;n </subfield>
    <subfield code="9">1425</subfield>
  </datafield>
  <datafield tag="651" ind1=" " ind2="4">
    <subfield code="a">Haiti</subfield>
    <subfield code="x">Colonizaci&#xF3;n </subfield>
    <subfield code="9">82467</subfield>
  </datafield>
  <datafield tag="651" ind1=" " ind2="4">
    <subfield code="a">Hait&#xED;</subfield>
    <subfield code="x">Historia </subfield>
    <subfield code="y">Ocupaci&#xF3;n norteamericana,1915-1934</subfield>
    <subfield code="9">82468</subfield>
  </datafield>
  <datafield tag="910" ind1=" " ind2=" ">
    <subfield code="a">Lop&#xE9;rez/Validado. Control de calidad MFF</subfield>
  </datafield>
  <datafield tag="942" ind1=" " ind2=" ">
    <subfield code="2">ddc</subfield>
    <subfield code="c">LBS1</subfield>
  </datafield>
  <datafield tag="952" ind1=" " ind2=" ">
    <subfield code="0">0</subfield>
    <subfield code="1">0</subfield>
    <subfield code="2">ddc</subfield>
    <subfield code="5">1</subfield>
    <subfield code="7">0</subfield>
    <subfield code="8">PD</subfield>
    <subfield code="a">BNPHU</subfield>
    <subfield code="b">BNPHU</subfield>
    <subfield code="c">HD</subfield>
    <subfield code="d">2021-08-06</subfield>
    <subfield code="e">Dep&#xF3;sito Legal / Amigo del Hogar</subfield>
    <subfield code="o"> BNPHU PD 972.94 S479h</subfield>
    <subfield code="p">2021-25408</subfield>
    <subfield code="r">2021-08-06</subfield>
    <subfield code="w">2021-08-06</subfield>
    <subfield code="y">LBS1</subfield>
  </datafield>
  <datafield tag="952" ind1=" " ind2=" ">
    <subfield code="0">0</subfield>
    <subfield code="1">0</subfield>
    <subfield code="2">ddc</subfield>
    <subfield code="5">1</subfield>
    <subfield code="7">0</subfield>
    <subfield code="8">PD</subfield>
    <subfield code="a">BNPHU</subfield>
    <subfield code="b">BNPHU</subfield>
    <subfield code="c">HD</subfield>
    <subfield code="d">2021-04-19</subfield>
    <subfield code="e">Dep&#xF3;sito legal / Amigos del Hogar</subfield>
    <subfield code="o">BNPHU PD 972.94 S479h</subfield>
    <subfield code="p">2022-2106</subfield>
    <subfield code="r">2022-05-16</subfield>
    <subfield code="t">e.2</subfield>
    <subfield code="w">2022-05-16</subfield>
    <subfield code="y">LBS1</subfield>
  </datafield>
  <datafield tag="952" ind1=" " ind2=" ">
    <subfield code="0">0</subfield>
    <subfield code="1">0</subfield>
    <subfield code="2">ddc</subfield>
    <subfield code="5">6</subfield>
    <subfield code="7">0</subfield>
    <subfield code="8">DS</subfield>
    <subfield code="a">BNPHU</subfield>
    <subfield code="b">BNPHU</subfield>
    <subfield code="c">HD</subfield>
    <subfield code="d">2021-04-19</subfield>
    <subfield code="e">Dep&#xF3;sito legal / Amigos del Hogar</subfield>
    <subfield code="o">BNPHU DS 972.94 S479h</subfield>
    <subfield code="p">2022-2107</subfield>
    <subfield code="r">2022-05-16</subfield>
    <subfield code="t">e.3</subfield>
    <subfield code="w">2022-05-16</subfield>
    <subfield code="y">LBS1</subfield>
  </datafield>
  <datafield tag="999" ind1=" " ind2=" ">
    <subfield code="c">50192</subfield>
    <subfield code="d">50192</subfield>
  </datafield>
</record>
